Persecusión a la solidaridad con Centroamérica

En este artículo se denuncia la persecusión que realiza los Estados Unidos contra todos los grupos que se solidarizan con la causa centroamericana. Se resalta, además, la participación que tiene ciertos organismos de seguridad, como la CIA y el FBI, en tal persecusión contra los grupos mencionados....

詳細記述

保存先:
書誌詳細
フォーマット: テキスト
主題:
タグ: タグ追加
タグなし, このレコードへの初めてのタグを付けませんか!

MARC

LEADER 00000 a a2200000 04500
001 12177
003
040
245 |a Persecusión a la solidaridad con Centroamérica  
520 |a En este artículo se denuncia la persecusión que realiza los Estados Unidos contra todos los grupos que se solidarizan con la causa centroamericana. Se resalta, además, la participación que tiene ciertos organismos de seguridad, como la CIA y el FBI, en tal persecusión contra los grupos mencionados. CEM/mb  
650 |a ASPECTOS POLITICOS  
650 |a OPINION  
650 |a POLITICA  
650 |a SOLIDARIDAD  
650 |a REPRESION  
650 |a OPINION PUBLICA  
773 |g número 40; páginas 42-44  
999 |c 26763  |d 26763